Largest Settlements in Cornwall - Statistics

General Stats
  • This quiz has been taken 51 times
    50 since last reset
  • The average score is 12 of 19
Answer Stats
Answer Population % Correct
Penzance 19,872
98%
St Ives 9,966
95%
Truro 23,041
93%
Newquay 20,189
85%
Camborne and Redruth 42,690
83%
Falmouth and Penryn 31,988
83%
St Austell 25,447
78%
Bodmin 14,614
70%
Bude and Stratton 7,011
63%
Liskeard 9,237
63%
Saltash 15,566
63%
Launceston 8,910
55%
Hayle 8,210
53%
Looe 5,112
53%
Helston 12,184
50%
St Blazey and Par 9,958
40%
Wadebridge 6,599
40%
Torpoint 7,717
30%
Callington 5,786
23%
No matching quizzes found
Score Distribution
Percent of People with Each Score
Percentile by Number Answered
Your Score History
You have not taken this quiz since the last reset